Dokończ tekst piosenki #6 - "Wehikuł czasu" Dżem - Statystyki

Ogólne statystyki
  • Ten quiz został rozwiązany 41 razy
  • Średni wynik to 17 z 24
Statystyki odpowiedzi
Tekst Dokończ % Poprawnych
Marzeniami żyłem jak ... król
100%
... rano to dla mnie noc Siódma
97%
Za to zwykle ... mnie zamykano
94%
Za to do ... zamykano mnie puszki
91%
Pracować nie chciałem, ... ... włóczyłem się
91%
Pamiętam dobrze ... swój ideał
88%
Po knajpach grywałem za ... ... ... piwko i chleb
81%
Na szyciu ... tak mijał mi dzień bluesa
78%
Tylko nocą do klubu ... Puls
75%
Tylko nocą do klubu ... Puls
75%
To już minęło, ten ..., ten ... klimat luz
72%
To już minęło, ten ..., ten ... klimat luz
72%
Mój mały, ..., muzyczny świat intymny
69%
Lecz we mnie zostało coś z ... ... tamtych lat
69%
Wehikuł czasu to byłby ... cud
66%
Wiem jedno, że to nie poszło w ... las
66%
Wspaniali ludzie ... ... ... ... już! nie powrócą, nie powrócą
66%
Wspaniali ludzie ... ... ... ... już! nie powrócą, nie powrócą
66%
Gdy tak wspominam ten ... czas miniony
59%
Dżem ... do rana, tam królował blues Session
59%
Dżem ... do rana, tam królował blues Session
59%
Dużo bym dał, by ... to znów przeżyć
56%
Znów ... do lufy wetknie im ktoś kwiatek
31%
Mam jeszcze ..., odmieni się ... wiarę los
22%
Nie znaleziono quizów pasujących do podanych kryteriów
Rozkład punktacji
Procent ludzi z każdym wynikiem
Percentyl według liczby udzielonych odpowiedzi
Twoja historia wyników
Nie rozwiązałeś tego quizu